[Event "Cheliabinsk Cup"]
[Site "Cheliabinsk"]
[Date "2008.09.10"]
[Round "9"]
[White "Iljnykh, Evgeni"]
[Black "Bashkov, Viacheslav"]
[Result "1/2-1/2"]
[WhiteElo "2047"]
[BlackElo "2316"]
[PlyCount "20"]
[EventDate "2008.09.02"]
[EventType "swiss"]
[EventRounds "9"]
[EventCountry "RUS"]
[SourceTitle "EXT 2010"]
[Source "ChessBase"]
[SourceDate "2010.11.25"]
[SourceVersion "1"]
[SourceVersionDate "2010.11.25"]
[SourceQuality "1"]

1. e4 c5 2. Nf3 Nc6 3. d4 cxd4 4. Nxd4 Qc7 5. Nc3 e6 6. Be2 d6 7. 0-0 Nf6 8. Be3 Be7 9. f4 0-0 10. Kh1 a6 1/2-1/2

[Event "Cheliabinsk Region Cup 5th"]
[Site "Cheliabinsk"]
[Date "2007.09.02"]
[Round "1"]
[White "Iljnykh, Evgeni"]
[Black "Ponkratov, Pavel"]
[Result "0-1"]
[WhiteElo "2043"]
[BlackElo "2465"]
[PlyCount "144"]
[EventDate "2007.09.02"]
[EventType "swiss"]
[EventRounds "9"]
[EventCountry "RUS"]
[SourceTitle "EXT 2022"]
[Source "ChessBase"]
[SourceDate "2021.10.06"]
[SourceVersion "1"]
[SourceVersionDate "2021.10.06"]
[SourceQuality "1"]

1. e4 d5 2. exd5 Qxd5 3. d4 Nc6 4. Be3 e5 5. c4 Qa5+ 6. Bd2 Qb6 7. c5 Bxc5 8. dxc5 Qxc5 9. Nc3 Nf6 10. Be3 Qb4 11. a3 Qe7 12. Bb5 0-0 13. Bxc6 bxc6 14. Nge2 Rd8 15. Qa4 Qe6 16. 0-0 Nd5 17. Rad1 Bd7 18. Ne4 Qg6 19. Nc5 Bg4 20. Rde1 f5 21. Bc1 f4 22. f3 Bf5 23. Ne4 Kh8 24. N2c3 Re8 25. Bd2 Re6 26. Nc5 Re7 27. N3e4 Qe8 28. Rc1 g5 29. Na6 Bd7 30. Nec5 Bf5 31. Nb4 Nxb4 32. Bxb4 g4 33. Na6 Rg7 34. Qxc6 Qxc6 35. Rxc6 gxf3 36. Rxf3 Be4 37. Rxc7 Rg6 38. Rf2 Rd8 39. Rc1 Rxa6 40. Re2 Ba8 41. Rxe5 Rg6 42. Rc2 f3 43. g3 Bc6 44. Kf2 Kg8 45. Rec5 Rdd6 46. Ra5 Rd7 47. Ra6 Be4 48. Rc8+ Kf7 49. Ra5 Rc6 50. Rxc6 Bxc6 51. Ra6 Bb5 52. Ra5 Be2 53. Rf5+ Ke6 54. Rxf3 Bxf3 55. Kxf3 Rf7+ 56. Kg4 Rf2 57. h4 Rxb2 58. Kg5 a5 59. Bf8 Rf2 60. Bg7 Rf3 61. g4 Rxa3 62. Kh5 Rh3 63. Kg5 a4 64. h5 Kf7 65. Be5 a3 66. Kh6 Kg8 67. g5 Re3 68. Bd4 Re6+ 69. g6 a2 70. Kg5 hxg6 71. h6 Kh7 72. Bc3 Re1 0-1